| 000 | 00495nam a22001697a 4500 | ||
|---|---|---|---|
| 999 |
_c525306 _d525306 |
||
| 003 | NUST | ||
| 038 | _awaseem | ||
| 082 |
_a891.594 _bABI |
||
| 100 |
_aAbid, Abdullah Jan _916041 |
||
| 245 |
_aPashto Adab k Jadeed Rojhanaat / _cAbdullah Jan Abid |
||
| 260 |
_aPeshawar : _bUniversity Press, _c2008. |
||
| 300 | _a159 p. ; | ||
| 500 | _aHardcover. | ||
| 880 |
_6100-01\r _aعبداللہ خان عابد |
||
| 880 |
_6245-02\r _aپشتو ادب کے جدید رجحانات / |
||
| 942 |
_2ddc _cBK |
||